00373cam a22001332 4500001001100000005001700011008004100028020002600069040001500095100003200110245005200142260003400194300001100228000000835820151217160116.0080315s xx 000 0 eng d a0521637449 :cKES 700 aKABUcKABU1 aDunmore, Helen.@000015891910aGreat grandma's dancing dress /cHelen Dunmore. aCambridge :bC. U. P.,c1998. a32 p.